Geology and ore deposits of the Montezuma Quadrangle, Colorado (Record no. 27210)
[ view plain ]
| 000 -LEADER | |
|---|---|
| fixed length control field | 01229cam a22002891i 4500 |
| 001 - CONTROL NUMBER | |
| control field | gs 35000230 |
| 003 - CONTROL NUMBER IDENTIFIER | |
| control field | DLC |
| 005 - DATE AND TIME OF LATEST TRANSACTION | |
| control field | 20260227111340.0 |
| 008 - FIXED-LENGTH DATA ELEMENTS--GENERAL INFORMATION | |
| fixed length control field | 790626s1935 dcua f000 0 eng |
| 010 ## - LIBRARY OF CONGRESS CONTROL NUMBER | |
| LC control number | gs 35000230 |
| 035 ## - SYSTEM CONTROL NUMBER | |
| System control number | (OCoLC)5108910 |
| 040 ## - CATALOGING SOURCE | |
| Original cataloging agency | DLC |
| Transcribing agency | NFredU |
| Modifying agency | DLC |
| 042 ## - AUTHENTICATION CODE | |
| Authentication code | premarc |
| 050 00 - LIBRARY OF CONGRESS CALL NUMBER | |
| Classification number | TN24.C6 |
| Item number | L785 no. 178 |
| 100 1# - MAIN ENTRY--PERSONAL NAME | |
| Personal name | Lovering, T. S. |
| Fuller form of name | (Thomas Seward), |
| Dates associated with a name | 1896-1991. |
| 245 10 - TITLE STATEMENT | |
| Title | Geology and ore deposits of the Montezuma Quadrangle, Colorado |
| Statement of responsibility, etc. | / by T. S. Lovering. Prepared in cooperation with the State of Colorado, Colorado Metal Mining Fund, Colorado Mining Association, and Geological Survey Board of Colorado. |
| 260 ## - PUBLICATION, DISTRIBUTION, ETC. | |
| Place of publication, distribution, etc. | Washington : |
| Name of publisher, distributor, etc. | U.S. Govt. Print. Off., |
| Date of publication, distribution, etc. | 1935. |
| 300 ## - PHYSICAL DESCRIPTION | |
| Extent | ix, 119 p. : |
| Other physical details | ill. 40 pl. (part fold.; incl. maps (3 in pocket) plans, profile, tables (1 fold.)) ; |
| Dimensions | 29 cm. |
| 410 20 - SERIES STATEMENT/ADDED ENTRY--CORPORATE NAME [OBSOLETE, CAN/MARC], [LOCAL, USA] | |
| Corporate name or jurisdiction name as entry element | Geological Survey (U.S.). |
| Title of a work | Professional papers ; |
| Volume number/sequential designation | 178 |
| 500 ## - GENERAL NOTE | |
| General note | At head of title: United States Department of the Interior. |
| 650 #0 - SUBJECT ADDED ENTRY--TOPICAL TERM | |
| Topical term or geographic name entry element | Geology |
| Geographic subdivision | Colorado. |
| 650 #0 - SUBJECT ADDED ENTRY--TOPICAL TERM | |
| Topical term or geographic name entry element | Ore deposits |
| Geographic subdivision | Colorado. |
| 710 2# - ADDED ENTRY--CORPORATE NAME | |
| Corporate name or jurisdiction name as entry element | Colorado Geological Survey |
| 710 2# - ADDED ENTRY--CORPORATE NAME | |
| Corporate name or jurisdiction name as entry element | Colorado State Metal Mining Fund. |
| 710 2# - ADDED ENTRY--CORPORATE NAME | |
| Corporate name or jurisdiction name as entry element | Colorado Mining Association. |
| 740 0# - ADDED ENTRY--UNCONTROLLED RELATED/ANALYTICAL TITLE | |
| Uncontrolled related/analytical title | Montezuma quadrangle. |
No items available.